| 000 | 01171cam a22003374a 4500 | ||
|---|---|---|---|
| 001 | 14912848 | ||
| 003 | OSt | ||
| 005 | 20240215092443.0 | ||
| 008 | 070622s2006 gw a 000 0 mul | ||
| 010 | _a 2007440654 | ||
| 020 | _a9783822852576 | ||
| 020 | _a3822852570 | ||
| 020 | _a9783822852576 | ||
| 035 | _a(GyWOH)har050145850 | ||
| 040 |
_aDLC _cDLC _dDLC |
||
| 041 | 1 |
_aeng _afre _ager _heng |
|
| 043 | _ae-fr--- | ||
| 050 | 0 | 0 |
_aNA1048.6 _b.J55 2006 |
| 082 |
_a720.94409051 _bJOD |
||
| 100 | 1 |
_aJodidio, Philip. _99081 |
|
| 245 | 1 | 0 |
_aFR, architecture in France / _cPhilip Jodidio. |
| 246 | 1 | 8 | _aArchitecture in France |
| 260 |
_aKöln ; _aLos Angeles : _bTaschen, _cc2006. |
||
| 300 |
_a192 p. : _bill. ; _c30 cm. |
||
| 650 | 0 |
_aArchitecture _zFrance _xHistory _y21st century. _9120430 |
|
| 856 | 4 | 2 |
_3Contributor biographical information _uhttp://www.loc.gov/catdir/enhancements/fy0913/2007440654-b.html |
| 856 | 4 | 2 |
_3Publisher description _uhttp://www.loc.gov/catdir/enhancements/fy0915/2007440654-d.html |
| 906 |
_a7 _bcbc _corigres _d3 _encip _f20 _gy-gencatlg |
||
| 942 |
_2ddc _cBK |
||
| 999 |
_c607732 _d607732 |
||